Statistics for Men's Tennis - Australian Open Finals

Click here to take the quiz!

General Stats

  • This quiz has been taken 357 times
    (56 since last reset)
  • The average score is 26 of 56

Answer Stats

Nombre de finales jouéesFinaliste% Correct
10Novak Djokovic
100%
6Rafael Nadal
100%
7Roger Federer
100%
3Daniil Medvedev
95%
5Andy Murray
85%
3Pete Sampras
85%
4Andre Agassi
83%
2Boris Becker
80%
1Jannik Sinner
80%
1Dominic Thiem
78%
1Stanislas Wawrinka
78%
1Lleyton Hewitt
75%
1Stéfanos Tsitsipás
75%
1Rod Laver
73%
1Marin Čilić
68%
4Ivan Lendl
65%
2Marat Safin
65%
5Stefan Edberg
65%
2Jimmy Connors
60%
1Jo-Wilfried Tsonga
58%
2Jim Courier
55%
3John Newcombe
50%
1Petr Korda
50%
2Arthur Ashe
48%
4Mats Wilander
45%
1Michael Chang
45%
2Ken Rosewall
43%
1Márcos Baghdatís
43%
2Pat Cash
43%
2Yevgueni Kafelnikov
43%
1Carlos Moyà
40%
1Thomas Johansson
38%
1Fernando González
35%
3Guillermo Vilas
35%
2Johan Kriek
35%
1Marcelo Ríos
33%
1Roscoe Tanner
30%
1Vitas Gerulaitis
30%
1Mark Edmondson
28%
1Brian Teacher
25%
1Andrés Gimeno
20%
1Todd Martin
20%
1Malcolm Anderson
18%
1Arnaud Clément
15%
1Rainer Schüttler
15%
1John Marks
13%
1Kevin Curren
13%
1Kim Warwick
13%
1Miloslav Mečíř
13%
1Onny Parun
13%
1Phil Dent
13%
2Steve Denton
13%
1Thomas Enqvist
13%
1Dick Crealy
10%
1John Lloyd
10%
1John Sadri
8%

Score Distribution

Percentile by Number Answered

Percent of People with Each Score

Your Score History

You have not taken this quiz since the last reset